[Event "New Delhi Parsvnath op 9th"]
[Site "New Delhi"]
[Date "2011.01.10"]
[Round "4"]
[White "Greenfeld, Alon"]
[Black "Khan, Raisudin"]
[Result "1-0"]
[WhiteElo "2557"]
[BlackElo "2000"]
[PlyCount "62"]
[EventDate "2011.01.08"]
[EventType "swiss"]
[EventRounds "11"]
[EventCountry "IND"]
[SourceTitle "CBM 140 Extra"]
[Source "ChessBase"]
[SourceDate "2011.03.01"]
[SourceVersion "1"]
[SourceVersionDate "2011.03.01"]
[SourceQuality "1"]

1. d4 d5 2. c4 c6 3. Nf3 Nf6 4. Nc3 Qa5 5. Bd2 Qb6 6. Qc2 Bg4 7. cxd5 cxd5 8. Ne5 Bd7 9. e4 e6 10. exd5 exd5 11. Bd3 Be7 12. 0-0 0-0 13. Bg5 Qxd4 14. Rfe1 Be6 15. Nb5 Qb6 16. Nc7 Nc6 17. Nxa8 Rxa8 18. Nxc6 bxc6 19. Bxh7+ Nxh7 20. Bxe7 Nf8 21. Rac1 Rc8 22. Bc5 Qb7 23. Re3 Nd7 24. Rb3 Qc7 25. Ra3 Qe5 26. Re3 Qf6 27. Qc3 Qh6 28. Bd4 g6 29. b4 a5 30. a3 axb4 31. axb4 Qh5 1-0